Top 5 countries with the most gorilla hair in the wild - Statistics

General Stats
  • This quiz has been taken 23 times
  • The average score is 3 of 5
Answer Stats
Answer % Correct
D. R. Congo
94%
Rwanda
75%
Uganda
75%
Central African Republic
69%
Guatemala
13%
No matching quizzes found
Score Distribution
Percent of People with Each Score
Percentile by Number Answered
Your Score History
You have not taken this quiz